[Event "Titled Tuesday intern op 14th April"]
[Site "Chess.com INT"]
[Date "2020.04.14"]
[Round "9"]
[White "Pchelkin, Vladimir"]
[Black "Zhuravleva, Olga"]
[Result "1-0"]
[WhiteElo "1546"]
[BlackElo "2278"]
[PlyCount "35"]
[EventDate "2020.04.14"]
[EventType "swiss (blitz)"]
[EventRounds "10"]
[EventCountry "USA"]
[SourceTitle "EXT 2021"]
[Source "ChessBase"]
[SourceDate "2020.10.23"]
[SourceVersion "1"]
[SourceVersionDate "2020.10.23"]
[SourceQuality "1"]

1. d4 g6 2. Nc3 Bg7 3. e4 d6 4. f4 Nd7 5. Nf3 c6 6. Be3 b5 7. e5 Qa5 8. Qd2 Bb7 9. Bd3 Nh6 10. h3 0-0-0 11. 0-0 Nf5 12. Bf2 h5 13. Ng5 Rdf8 14. Rfe1 dxe5 15. dxe5 e6 16. Rad1 Nb6 17. Nce4 Nd5 18. Qxa5 1-0

[Event "Titled Tuesday intern op 3rd Sept"]
[Site "Chess.com INT"]
[Date "2019.09.03"]
[Round "10"]
[White "Cervantes Landeiro, Thalia"]
[Black "Pchelkin, Vladimir"]
[Result "1/2-1/2"]
[WhiteElo "2176"]
[BlackElo "1546"]
[PlyCount "87"]
[EventDate "2019.09.03"]
[EventType "swiss (blitz)"]
[EventRounds "10"]
[EventCountry "USA"]
[SourceTitle "EXT 2021"]
[Source "ChessBase"]
[SourceDate "2020.10.23"]
[SourceVersion "1"]
[SourceVersionDate "2020.10.23"]
[SourceQuality "1"]

1. d4 e5 2. dxe5 d6 3. exd6 Bxd6 4. e4 Nc6 5. Nc3 Qe7 6. Bd3 Be6 7. Nf3 0-0-0 8. 0-0 Bg4 9. Nd5 Qe8 10. h3 h5 11. Be3 Kb8 12. b4 Nf6 13. b5 Ne5 14. Be2 Nxf3+ 15. Bxf3 Nxd5 16. exd5 Qe5 17. g3 Bxh3 18. Re1 Qf5 19. Be4 Qd7 20. Qd4 b6 21. a4 h4 22. a5 hxg3 23. fxg3 Qg4 24. Bf2 Bxg3 25. Bg2 Bf4 26. Qe4 Bxg2 27. Qxg2 Qf5 28. Bg3 Bxg3 29. Qxg3 Qxd5 30. Re7 Qc5+ 31. Qf2 Qxe7 32. axb6 axb6 33. Qg2 c6 34. Qg3+ Qc7 35. Ra8+ Kxa8 36. Qxc7 cxb5 37. Qxb6 Rde8 38. Qa6+ Kb8 39. Qxb5+ Kc8 40. Qc6+ Kd8 41. Qd6+ Kc8 42. Qc6+ Kd8 43. Qd6+ Kc8 44. Qc6+ 1/2-1/2

[Event "Titled Tuesday intern op 3rd Sept"]
[Site "Chess.com INT"]
[Date "2019.09.03"]
[Round "8"]
[White "Pchelkin, Vladimir"]
[Black "Womacka, Mathias"]
[Result "1-0"]
[WhiteElo "1546"]
[BlackElo "2436"]
[PlyCount "143"]
[EventDate "2019.09.03"]
[EventType "swiss (blitz)"]
[EventRounds "10"]
[EventCountry "USA"]
[SourceTitle "EXT 2021"]
[Source "ChessBase"]
[SourceDate "2020.10.23"]
[SourceVersion "1"]
[SourceVersionDate "2020.10.23"]
[SourceQuality "1"]

1. d4 Nf6 2. Nc3 d5 3. Bf4 a6 4. Nf3 e6 5. a3 c5 6. e3 Nc6 7. Bd3 Bd6 8. dxc5 Bxc5 9. 0-0 0-0 10. Qe2 Bd6 11. Bg5 h6 12. Bh4 Be7 13. Rad1 Qc7 14. e4 d4 15. e5 Nh5 16. Qe4 g6 17. Bxe7 Qxe7 18. Nxd4 Nxd4 19. Qxd4 Bd7 20. Bxg6 fxg6 21. Qxd7 Rae8 22. Qxe7 Rxe7 23. g3 Rc8 24. Rd2 g5 25. Rfd1 Rc5 26. Re1 Kg7 27. Re4 Kg6 28. Kg2 Ng7 29. g4 Ne8 30. Rdd4 Nc7 31. Rc4 Rxc4 32. Rxc4 Nd5 33. Ne2 Rd7 34. Rd4 Rc7 35. c4 Ne7 36. b3 Nc6 37. Rd6 Kf7 38. f4 gxf4 39. Nxf4 Nxe5 40. Nxe6 Re7 41. Nd4 Nxg4 42. Nf5 Re5 43. Nxh6+ Nxh6 44. Rxh6 b5 45. Rxa6 bxc4 46. bxc4 Rc5 47. Ra4 Kf6 48. Kf3 Ke5 49. Ke3 Rc8 50. h4 Rg8 51. h5 Rg3+ 52. Kf2 Rh3 53. Kg2 Rh4 54. Kg3 Rh1 55. Kg2 Rh4 56. Kg3 Rh1 57. Kg4 Rg1+ 58. Kf3 Rh1 59. Kg3 Kd4 60. Kg4 Kc5 61. Kg5 Rg1+ 62. Kh6 Rg4 63. Kh7 Rg1 64. h6 Rg2 65. Kh8 Rg1 66. h7 Rg2 67. Ra7 Kxc4 68. Rg7 Rd2 69. Kg8 Rd8+ 70. Kf7 Rh8 71. Kg6 Kb3 72. Rg8 1-0

[Event "Titled Tuesday intern op 6th Aug"]
[Site "Chess.com INT"]
[Date "2019.08.06"]
[Round "10"]
[White "Frisk Kockum, Anton"]
[Black "Pchelkin, Vladimir"]
[Result "0-1"]
[WhiteElo "2452"]
[BlackElo "1546"]
[PlyCount "100"]
[EventDate "2019.08.06"]
[EventType "swiss (blitz)"]
[EventRounds "10"]
[EventCountry "USA"]
[SourceTitle "EXT 2021"]
[Source "ChessBase"]
[SourceDate "2020.10.23"]
[SourceVersion "1"]
[SourceVersionDate "2020.10.23"]
[SourceQuality "1"]

1. d4 e5 2. dxe5 d6 3. Nf3 Nc6 4. Bf4 Bg4 5. exd6 Qf6 6. Qc1 Bxd6 7. Bxd6 Qxd6 8. Nc3 0-0-0 9. e3 Nf6 10. Be2 h5 11. 0-0 Bxf3 12. Bxf3 Ng4 13. g3 Nce5 14. Bg2 h4 15. Rd1 Qh6 16. Rxd8+ Rxd8 17. e4 Rd2 18. f4 hxg3 19. Qxd2 Qxh2+ 20. Kf1 Nf3 21. Bxf3 Qxd2 22. Bxg4+ Kb8 23. Ne2 Qe3 24. Nxg3 Qxg3 25. Be2 Qxf4+ 26. Ke1 Qxe4 27. Rd1 a6 28. Rd8+ Ka7 29. Kd2 g5 30. Bd3 Qf4+ 31. Kd1 g4 32. Rg8 g3 33. b3 f5 34. Rg7 Qf3+ 35. Kc1 g2 36. a4 g1Q+ 37. Rxg1 Qe3+ 38. Kb2 Qxg1 39. Bxf5 Qd4+ 40. Kb1 Qc3 41. Bd3 Kb6 42. Kc1 Kc5 43. Kd1 Kd4 44. Ke2 c6 45. Kf3 Qxd3+ 46. cxd3 Kxd3 47. a5 Kc3 48. Ke3 Kxb3 49. Kd4 Kb4 50. Kd3 Kxa5 0-1

[Event "Titled Tuesday intern op 6th Aug"]
[Site "Chess.com INT"]
[Date "2019.08.06"]
[Round "7"]
[White "Vestby Ellingsen, Mads"]
[Black "Pchelkin, Vladimir"]
[Result "1-0"]
[WhiteElo "2338"]
[BlackElo "1546"]
[PlyCount "63"]
[EventDate "2019.08.06"]
[EventType "swiss (blitz)"]
[EventRounds "10"]
[EventCountry "USA"]
[SourceTitle "EXT 2021"]
[Source "ChessBase"]
[SourceDate "2020.10.23"]
[SourceVersion "1"]
[SourceVersionDate "2020.10.23"]
[SourceQuality "1"]

1. d4 e5 2. dxe5 d6 3. Nf3 Nc6 4. Bf4 Bg4 5. exd6 Qf6 6. Qc1 Bxd6 7. Bxd6 Qxd6 8. Qg5 Nf6 9. Nbd2 0-0-0 10. 0-0-0 Be6 11. a3 Ng4 12. Qh4 Qd5 13. e3 Qa2 14. Bd3 Qa1+ 15. Nb1 h5 16. h3 Nge5 17. Nxe5 Nxe5 18. Qb4 Ba2 19. Kd2 Nc4+ 20. Ke2 Nxb2 21. Nc3 Nxd3 22. cxd3 a5 23. Rxa1 axb4 24. Nxa2 bxa3 25. Nc3 Rh6 26. Rxa3 Kd7 27. Rb1 b6 28. Ra7 Rg6 29. g3 Kc6 30. Ne4 h4 31. g4 Re6 32. Rc1+ 1-0

[Event "Titled Tuesday intern op 4th Dec"]
[Site "Chess.com INT"]
[Date "2018.12.04"]
[Round "7"]
[White "Antipov, Mikhail Al"]
[Black "Pchelkin, Vladimir"]
[Result "1-0"]
[WhiteElo "2589"]
[BlackElo "1513"]
[PlyCount "129"]
[EventDate "2018.12.04"]
[EventType "swiss (blitz)"]
[EventRounds "10"]
[EventCountry "USA"]
[SourceTitle "EXT 2021"]
[Source "ChessBase"]
[SourceDate "2020.10.23"]
[SourceVersion "1"]
[SourceVersionDate "2020.10.23"]
[SourceQuality "1"]

1. e4 e6 2. d4 d5 3. Nd2 c5 4. Ngf3 cxd4 5. exd5 Qxd5 6. Bc4 Qd6 7. 0-0 Nf6 8. Nb3 Nc6 9. Nbxd4 Nxd4 10. Nxd4 Bd7 11. b3 Qc7 12. Re1 0-0-0 13. Qf3 e5 14. Nb5 Bxb5 15. Bxb5 e4 16. Qh3+ Kb8 17. Bb2 Bc5 18. Bf1 Rd2 19. Re2 Rxe2 20. Bxe2 Rd8 21. Rd1 Rxd1+ 22. Bxd1 a6 23. Qg3 Bd6 24. Qxg7 Be5 25. Qf8+ Ka7 26. Bc1 Bxh2+ 27. Kf1 Bf4 28. Ba3 Nd5 29. Qc5+ Qxc5 30. Bxc5+ b6 31. Bd4 Kb7 32. c4 Nb4 33. a3 Nd3 34. Bg4 h6 35. Bf5 Nc5 36. b4 Ne6 37. Bxe4+ Kc7 38. Bc3 Bc1 39. a4 Bg5 40. g3 Be7 41. Kg2 Nd8 42. b5 axb5 43. axb5 Ne6 44. Bd5 Kd6 45. f4 f6 46. Kf3 Nc5 47. Kg4 Nd3 48. Kh5 Nf2 49. Kxh6 Ng4+ 50. Kg6 Ne3 51. Bb4+ Kd7 52. Bc6+ Kd8 53. Bc3 Nf1 54. g4 Nh2 55. g5 fxg5 56. fxg5 Ng4 57. Bd4 Bc5 58. Bxc5 bxc5 59. b6 Ne5+ 60. Kf6 Nxc6 61. g6 Ke8 62. g7 Ne7 63. b7 Kd7 64. b8Q Nd5+ 65. cxd5 1-0

[Event "Titled Tuesday intern op 4th Dec"]
[Site "Chess.com INT"]
[Date "2018.12.04"]
[Round "2"]
[White "Pchelkin, Vladimir"]
[Black "Harvey, Marcus Ross"]
[Result "1-0"]
[WhiteElo "1513"]
[BlackElo "2397"]
[PlyCount "63"]
[EventDate "2018.12.04"]
[EventType "swiss (blitz)"]
[EventRounds "10"]
[EventCountry "USA"]
[SourceTitle "EXT 2021"]
[Source "ChessBase"]
[SourceDate "2020.10.23"]
[SourceVersion "1"]
[SourceVersionDate "2020.10.23"]
[SourceQuality "1"]

1. d4 Nf6 2. Nc3 e6 3. e4 d5 4. e5 Nfd7 5. Nf3 c5 6. dxc5 a6 7. b4 Nc6 8. a3 Ndxe5 9. Nxe5 Nxe5 10. Bb2 Qg5 11. h4 Qf5 12. Rh3 Bd7 13. Nxd5 exd5 14. Bxe5 0-0-0 15. Re3 Re8 16. Qd4 Qxc2 17. Bd3 Qa4 18. Qxd5 f6 19. Bf4 Rxe3+ 20. Bxe3 Bc6 21. Bf5+ Kb8 22. Qd8+ Ka7 23. Qb6+ Ka8 24. Qd8+ Ka7 25. Bf4 Bd6 26. Qxd6 Re8+ 27. Kf1 g6 28. Bd3 Qb3 29. Re1 Rc8 30. Be4 Bb5+ 31. Kg1 Qc3 32. Qb6+ 1-0

[Event "Titled Tuesday intern op 4th Dec"]
[Site "Chess.com INT"]
[Date "2018.12.04"]
[Round "8"]
[White "Semjonovs, Ilja"]
[Black "Pchelkin, Vladimir"]
[Result "1-0"]
[WhiteElo "2352"]
[BlackElo "1513"]
[PlyCount "53"]
[EventDate "2018.12.04"]
[EventType "swiss (blitz)"]
[EventRounds "10"]
[EventCountry "USA"]
[SourceTitle "EXT 2021"]
[Source "ChessBase"]
[SourceDate "2020.10.23"]
[SourceVersion "1"]
[SourceVersionDate "2020.10.23"]
[SourceQuality "1"]

1. e4 e6 2. d4 d5 3. Nc3 Nf6 4. e5 Nfd7 5. f4 c5 6. Nf3 Nc6 7. Be3 cxd4 8. Nxd4 Bc5 9. Qd2 0-0 10. 0-0-0 a6 11. Kb1 Qc7 12. g3 Nxd4 13. Bxd4 b5 14. Bg2 Bb7 15. Rhe1 Rfc8 16. h4 b4 17. Ne2 a5 18. f5 a4 19. fxe6 fxe6 20. h5 a3 21. b3 Nxe5 22. Bxc5 Qxc5 23. Nd4 Ng4 24. Nxe6 Qd6 25. Qg5 g6 26. hxg6 h6 27. Qxg4 1-0

[Event "Titled Tuesday intern op 4th Dec"]
[Site "Chess.com INT"]
[Date "2018.12.04"]
[Round "4"]
[White "Vachier Lagrave, Maxime"]
[Black "Pchelkin, Vladimir"]
[Result "1-0"]
[WhiteElo "2781"]
[BlackElo "1513"]
[PlyCount "87"]
[EventDate "2018.12.04"]
[EventType "swiss (blitz)"]
[EventRounds "10"]
[EventCountry "USA"]
[SourceTitle "EXT 2021"]
[Source "ChessBase"]
[SourceDate "2020.10.23"]
[SourceVersion "1"]
[SourceVersionDate "2020.10.23"]
[SourceQuality "1"]

1. e4 e6 2. d4 d5 3. Nc3 Nf6 4. e5 Nfd7 5. f4 c5 6. Nf3 Nc6 7. Be3 cxd4 8. Nxd4 Bc5 9. Qd2 0-0 10. 0-0-0 a6 11. h4 Qc7 12. h5 b5 13. Nxc6 Qxc6 14. Ne2 Qb6 15. Nd4 a5 16. h6 g6 17. Rh3 Ba6 18. Nb3 Rfc8 19. Nxc5 Nxc5 20. f5 b4 21. fxg6 fxg6 22. Bxa6 Qxa6 23. Bxc5 Rxc5 24. Rf3 Rac8 25. Rdf1 Qc4 26. c3 bxc3 27. bxc3 Qe4 28. Kb2 Rb8+ 29. Ka1 Rcb5 30. Qc1 a4 31. Re1 Qg4 32. Qf4 Qxf4 33. Rxf4 Rc5 34. Rf3 a3 35. Ref1 Rbc8 36. c4 Rxc4 37. Rxa3 Re4 38. Ra7 Rxe5 39. Rg7+ Kh8 40. Rff7 Re1+ 41. Kb2 Re2+ 42. Kb3 Rxg2 43. Rxh7+ Kg8 44. Rfg7+ 1-0

[Event "Titled Tuesday intern op 1st May"]
[Site "Chess.com INT"]
[Date "2018.05.01"]
[Round "7"]
[White "Atanasov, Anthony"]
[Black "Pchelkin, Vladimir"]
[Result "0-1"]
[WhiteElo "1857"]
[BlackElo "1590"]
[PlyCount "50"]
[EventDate "2018.05.01"]
[EventType "swiss (blitz)"]
[EventRounds "10"]
[EventCountry "USA"]
[SourceTitle "EXT 2021"]
[Source "ChessBase"]
[SourceDate "2020.10.23"]
[SourceVersion "1"]
[SourceVersionDate "2020.10.23"]
[SourceQuality "1"]

1. e4 e6 2. Nf3 d5 3. exd5 exd5 4. Be2 Nc6 5. 0-0 d4 6. Re1 Be7 7. Bc4 Nf6 8. d3 0-0 9. Bg5 Bg4 10. h3 Bh5 11. Nbd2 Re8 12. Re4 Nxe4 13. Nxe4 Ne5 14. Nxe5 Bxd1 15. Bxf7+ Kh8 16. Bxe8 Qxe8 17. Rxd1 Bxg5 18. Nxg5 Qa4 19. b3 Qxa2 20. Rd2 h6 21. Ng6+ Kg8 22. Ne6 Qb1+ 23. Kh2 Qe1 24. Ne7+ Kh7 25. Nxc7 Rb8 0-1

[Event "Titled Tuesday intern op 1st May"]
[Site "Chess.com INT"]
[Date "2018.05.01"]
[Round "9"]
[White "Pchelkin, Vladimir"]
[Black "Dedebas, Emre Emin"]
[Result "1/2-1/2"]
[WhiteElo "1590"]
[BlackElo "2336"]
[PlyCount "48"]
[EventDate "2018.05.01"]
[EventType "swiss (blitz)"]
[EventRounds "10"]
[EventCountry "USA"]
[SourceTitle "EXT 2021"]
[Source "ChessBase"]
[SourceDate "2020.10.23"]
[SourceVersion "1"]
[SourceVersionDate "2020.10.23"]
[SourceQuality "1"]

1. d4 Nf6 2. Nc3 d5 3. Bf4 e6 4. a3 a6 5. Nf3 c5 6. e3 Nc6 7. Bd3 Bd6 8. dxc5 Bxc5 9. Qe2 0-0 10. 0-0-0 Qe7 11. Bg5 h6 12. Bh4 Rd8 13. e4 Bxa3 14. bxa3 Qxa3+ 15. Kd2 dxe4 16. Nxe4 Qb4+ 17. Kc1 Qa3+ 18. Kd2 Qb4+ 19. Kc1 Qa3+ 20. Kb1 Qb4+ 21. Kc1 Qa3+ 22. Kb1 Qb4+ 23. Kc1 Qa3+ 24. Kb1 Qb4+ 1/2-1/2